Baśnie /

Uloženo v:
Podrobná bibliografie
Hlavní autor: Andersen, Hans Christian (1805-1875)
Další autoři: Niewiadomska, Cecylia (1855-1925) (Tłumaczenie), Sadkowska, Danuta (1932-2016) (Opracowanie), Skrzydlewski, Jacek (1956- ) (Il)
Médium: Kniha
Jazyk:polština
dánština
Vydáno: Wrocław : Siedmioróg, 1997.
Edice:Lektura Szkolna (Siedmioróg)
Zaczarowane Strony
Tagy: Přidat tag
Žádné tagy, Buďte první, kdo vytvoří štítek k tomuto záznamu!

MARC

LEADER 00000nam a2200000 i 4500
001 9912877360705606
005 20260515140226.0
008 800101s1997 pl a 000 1 pol d
020 |a 8386685948 
035 |a 990000720770207662-48omnis_network 
035 |a (Aleph)000072077MBP01 
035 |a (PL)b0000090022230 
040 |a MBPWR  |c MBPWR 
041 1 |a pol  |h dan 
080 |a 821.113.4-93 
090 |c 69  |d 68 
100 1 |a Andersen, Hans Christian  |d (1805-1875) 
245 1 0 |a Baśnie /  |c Hans Christian Andersen ; przeł. Cecylia Niewiadomska ; [il. Jacek Skrzydlewski ; oprac. Danuta Sadkowska]. 
246 1 |i Tyt. oryg.:  |a Eventyr og historier 
246 3 3 |a Baśnie / Andersen, H. Ch. 
260 |a Wrocław :  |b Siedmioróg,  |c 1997. 
300 |a 108 s., [8] s. tabl. kolor. :  |b il. ;  |c 21 cm. 
490 1 |a Lektura / Siedmioróg 
490 1 |a Zaczarowane Strony : biblioteka światowej literatury dla dzieci i młodzieży 
500 |a Na podstawie wyd.: Kraków : Gebethner i Wolff, 1925. 
700 1 |a Niewiadomska, Cecylia  |d (1855-1925)  |e Tłumaczenie 
700 1 |a Sadkowska, Danuta  |d (1932-2016)  |e Opracowanie 
700 1 |a Skrzydlewski, Jacek  |d (1956- )  |e Il 
830 0 |a Lektura Szkolna (Siedmioróg) 
830 0 |a Zaczarowane Strony 
920 |a 83-86685-94-8 
942 |c K 
952 |0 0  |1 0  |4 0  |6 R__47_000000000000000  |7 0  |9 67  |a RYT  |b RYT  |d 2026-03-17  |e 1/2026  |g 5.00  |l 0  |o R.47  |p 2000000000473  |r 2026-05-15 14:02:26  |w 2026-05-15  |y BK  |z da 
999 |c 67  |d 67